000 00460nam a2200169Ia 4500
999 _c861
_d861
003 OSt
005 20210827122337.0
008 190216s9999||||xx |||||||||||||| ||und||
040 _coclc
082 _a892.71
_bHAM/J
100 _aHamud, Muhamed
_98717
245 0 _aJibran Khalil Jibran /
_cMuhamed Hamud
260 _bDarul Fikr Labanan,
_c2008.
300 _a192p
650 _aArabic
942 _cBK
_2ddc
_h892.71
_iHAM/J
_k892.71
_mHAM/J